000
00310 a2200133 4500
001
155636
040
_c
Escola São Tomás de Aquino
100
_a
BEGHINI, Fabiana
240
1
0
_a
Um pedinho do céu
_l
por
245
1
0
_a
Um pedinho do céu
440
1
_a
Miguilim
697
_a
*LITERATURA INFANTIL
942
_c
BK
999
_c
155636
_d
155636